| 000 | 00442nam a2200181Ia 4500 | ||
|---|---|---|---|
| 001 | 54893 | ||
| 008 | 140505s9999 xx 000 0 und d | ||
| 020 | _a0896721795 | ||
| 040 | _cPK-LaUMT | ||
| 082 |
_aMAL 001.4012 _bCLA- |
||
| 100 | _aHensley, Oliver D. | ||
| 245 | 4 |
_aThe classification of research _cHensley, Oliver D. |
|
| 260 |
_aNA: _bNA, _c1988 |
||
| 300 | _a179 p. | ||
| 546 | _aEN | ||
| 650 | _aResearch symposium | ||
| 942 | _cBK | ||
| 999 |
_c52260 _d52260 |
||